000 00571nam a2200217Ia 4500
005 20250508163937.0
008 008 250505s9999 xx 000 0 hin d
037 _aTextBook
040 _aFEDL
_beng
_cFEDL
041 _ahin
_2hin
084 _a410, SHA`
_qFEDL
100 _aSharma Ramkishor
245 0 _aAdhunik bhashavigyan ke shidhant
250 _a3
260 _aAllahabad, India
_bLokbharti Prakashan
_c2000
300 _a136p
365 _aINR
_b45
650 _aLingvistics
_9776808
942 _cTB
_h410, SHA`
999 _c1386214
_d1386214